¡Papá! / (Registro nro. 3227)
[ vista simple ]
| 000 -LEADER | |
|---|---|
| fixed length control field | 01060nam a2200277Ia 4500 |
| 003 - CONTROL NUMBER IDENTIFIER | |
| control field | OSt |
| 005 - DATE AND TIME OF LATEST TRANSACTION | |
| control field | 20210112115612.0 |
| 008 - FIXED-LENGTH DATA ELEMENTS--GENERAL INFORMATION | |
| fixed length control field | 191128t2012 ck a br 000 1 spa d |
| 020 ## - INTERNATIONAL STANDARD BOOK NUMBER | |
| International Standard Book Number | 9789588787053 |
| 040 ## - CATALOGING SOURCE | |
| Original cataloging agency | CO-JMCR |
| Transcribing agency | CO-JMCR |
| 041 0# - LANGUAGE CODE | |
| Language code of text/sound track or separate title | spa |
| 082 04 - DEWEY DECIMAL CLASSIFICATION NUMBER | |
| Classification number | A / |
| Item number | CORp |
| 100 ## - MAIN ENTRY--PERSONAL NAME | |
| Personal name | Corentin, Philippe, |
| Relator term | autor |
| 9 (RLIN) | 1787 |
| 245 01 - TITLE STATEMENT | |
| Title | ¡Papá! / |
| Statement of responsibility, etc. | Philippe Corentin |
| 250 ## - EDITION STATEMENT | |
| Edition statement | Cuarta edición |
| 260 ## - PUBLICATION, DISTRIBUTION, ETC. | |
| Place of publication, distribution, etc. | Bogotá : |
| Name of publisher, distributor, etc. | Corimbo; |
| Date of publication, distribution, etc. | ©2012 |
| 300 ## - PHYSICAL DESCRIPTION | |
| Extent | 28 páginas : |
| Other physical details | ilustraciones a color ; |
| Dimensions | 24 cm. x 28 cm. |
| 490 0# - SERIES STATEMENT | |
| Series statement | Primera Infancia del Ministerio de Cultura |
| 520 0# - SUMMARY, ETC. | |
| Summary, etc. | Un extraño en la cama, algo sucede al momento de ir a dormir. Nuestro protagonista de la noche tiene un libro en su mano, tal vez viaja a mundos de aventuras y monstruos antes de apagar la lámpara, al parecer se queda dormido pero, de repente. |
| 521 ## - TARGET AUDIENCE NOTE | |
| Target audience note | Recomendado para niños mayores de 2 años. |
| 546 ## - LANGUAGE NOTE | |
| Language note | spa |
| 650 14 - SUBJECT ADDED ENTRY--TOPICAL TERM | |
| Topical term or geographic name entry element | Álbum infantil |
| 9 (RLIN) | 751 |
| 650 14 - SUBJECT ADDED ENTRY--TOPICAL TERM | |
| Topical term or geographic name entry element | Literatura infantil |
| 9 (RLIN) | 648 |
| 650 14 - SUBJECT ADDED ENTRY--TOPICAL TERM | |
| Topical term or geographic name entry element | Sueños en la literatura |
| 9 (RLIN) | 1789 |
| 942 ## - ADDED ENTRY ELEMENTS (KOHA) | |
| Source of classification or shelving scheme | Dewey Decimal Classification |
| Koha item type | Books |
| Withdrawn status | Lost status | Source of classification or shelving scheme | Damaged status | Not for loan | Collection code | Home library | Current library | Date acquired | Source of acquisition | Cost, normal purchase price | Total Checkouts | Full call number | Barcode | Date last seen | Date last checked out | Copy number | Price effective from | Koha item type |
|---|---|---|---|---|---|---|---|---|---|---|---|---|---|---|---|---|---|---|
| Dewey Decimal Classification | Fiction | Biblioteca Pública José María del Castillo y Rada | Biblioteca Pública José María del Castillo y Rada | 11/28/2019 | Donación | 0.00 | 14 | A / CORp | 201506898 | 02/17/2026 | 02/17/2026 | Ej.1 | 11/28/2019 | Books |